| 000 | 00587nam a22001697a 4500 | ||
|---|---|---|---|
| 005 | 20231208104209.0 | ||
| 008 | 231208b |||||||| |||| 00| 0 eng d | ||
| 020 | _a9780409016307 ; 9780409016284 | ||
| 041 | _aEnglish | ||
| 082 | _a349 BUT | ||
| 100 | _lEnglish | ||
| 245 |
_aButterworths Forms and Precedents : _bAdministration of Estates, Donations, Estate Planning, Trusts and Trustees and Wills |
||
| 260 |
_aDurban : _bLexisNexis (Pty) Ltd, _c1996 |
||
| 300 |
_bviii, 726 pages ; _c26 cm. |
||
| 650 |
_aLegal practice _bLaw |
||
| 942 |
_cBK _6ALISON_BN_VRIES |
||
| 999 |
_c1172 _d1172 |
||